Plant Adaptation to Global Climate Change (Record no. 34966)

MARC details
000 -LEADER
fixed length control field 01426nam a2200133Ia 4500
008 - FIXED-LENGTH DATA ELEMENTS--GENERAL INFORMATION
fixed length control field 220620s9999||||xx |||||||||||||| ||und||
020 ## - INTERNATIONAL STANDARD BOOK NUMBER
International Standard Book Number 9783040000000
245 #0 - TITLE STATEMENT
Title Plant Adaptation to Global Climate Change
546 ## - LANGUAGE NOTE
Language note English[eng]
650 ## - SUBJECT ADDED ENTRY--TOPICAL TERM
Topical term or geographic name entry element climate change impacts||sugarcane||yield||harvested area||production||Thai agriculture||rice||heat stress||whole genome DNA microarray||yield loss||MapMan analysis||HRDE||anthesis and maturity date||crop yield||SimCLIM||DSSAT model||planting date||basal area increment||air temperature||precipitation||Taylor’s power law||tree ring analysis||climate change||farm work||WBGT||mitigation||East Africa||leaf temperature||infrared thermography||thermal imagery||tropical rain forest||isoprenoid exchanges||ground||litter emissions||soil||Pinus pinea||distance gradient||Mediterranean turf||agro-ecosystems||biodiversity||weed communities||Ethiopia highlands||seasonal climate||crop impacts||bananas||Black Sigatoka Leaf Disease||climate||global spread &amp||impact||habitat suitability||species distribution||conservation||P. africana||actual evapotranspiration||modified Penman–Monteith||sap flow||scaling methods||allometric correlations||sapwood depth||sapwood area||leaf area index||species distribution model||scenarios||GIS||ecological niche||grapevine||n/a
700 ## - ADDED ENTRY--PERSONAL NAME
Personal name Mishra, Amit Kumar
856 ## - ELECTRONIC LOCATION AND ACCESS
Uniform Resource Identifier <a href="https://mdpi.com/books/pdfview/book/3964">https://mdpi.com/books/pdfview/book/3964</a>
942 ## - ADDED ENTRY ELEMENTS (KOHA)
Koha item type E-Books
Holdings
Withdrawn status Lost status Damaged status Not for loan Home library Current library Date acquired Total Checkouts Date last seen Price effective from Koha item type
        Kerala University of Digital Sciences, Innovation and Technology Knowledge Centre Kerala University of Digital Sciences, Innovation and Technology Knowledge Centre 20/06/2022   20/06/2022 20/06/2022 E-Books